00417 a2200157 4500003000400000005001700004008004100021020001600062040000900078082002000087100002700107245006000134250001200194260004300206300001000249OSt20240208130344.0240208b |||||||| |||| 00| 0 eng d a97891200101 coclc a894.8124bTHI/J aThiruvazhamkunnu, T. R aJeevitham samooham sahithyam /c T. R. Thiruvazhamkunnu a1st ed. aKottakkal:bChithrarasmi Books,c2021. a182p.